Remuneraciones Contenido en los Artículos 45 y 55 de Ley del Estatuto de Función Púlblica. alcance a los Lineamientos Generales Mediante el cual se Fija el Salario Mínimo Nacional Obligatorio (Registro nro. 11256)
[ vista simple ]
| 000 -CABECERA | |
|---|---|
| campo de control de longitud fija | 00657nam a22001697a 4500 |
| 001 - NÚMERO DE CONTROL | |
| campo de control | T027600010551 |
| 008 - DATOS DE LONGITUD FIJA--INFORMACIÓN GENERAL | |
| campo de control de longitud fija | 181111b xve|||||r|||| 00| | esp d |
| 099 ## - SIGNATURA TOPOGRÁFICA LOCAL | |
| Número de clasificación | IVP-D-05524 |
| Cutter | |
| 100 ## - ENTRADA PRINCIPAL--NOMBRE DE PERSONA | |
| Nombre de persona | Ministerio de Planificación y Desarrollo.Despacho del Viceministro de Planificación y Desarrollo Institucional |
| 245 ## - MENCIÓN DE TÍTULO | |
| Título | Remuneraciones Contenido en los Artículos 45 y 55 de Ley del Estatuto de Función Púlblica. alcance a los Lineamientos Generales Mediante el cual se Fija el Salario Mínimo Nacional Obligatorio |
| 260 ## - PUBLICACIÓN, DISTRIBUCIÓN, ETC. (PIE DE IMPRENTA) | |
| Lugar de publicación, distribución, etc. | s.f. |
| 300 ## - DESCRIPCIÓN FÍSICA | |
| Extensión | 3 p. |
| 500 ## - NOTA GENERAL | |
| Nota general | Impreso |
| 650 ## - PUNTO DE ACCESO ADICIONAL DE MATERIA--TÉRMINO DE MATERIA | |
| Término de materia o nombre geográfico como elemento inicial | salario inferior. |
| 650 ## - PUNTO DE ACCESO ADICIONAL DE MATERIA--TÉRMINO DE MATERIA | |
| Término de materia o nombre geográfico como elemento inicial | Salario mínimo |
| 942 ## - ELEMENTOS DE PUNTO DE ACCESO ADICIONAL (KOHA) | |
| Tipo de ítem Koha | Libro |
No hay ítems disponibles.